000 00554nam a2200169 i 4500
001 64036
003 ES-MaACL
005 20230906165027.0
007 t|
008 031219s1960 sp ||||1| spa d
100 1 _aFischer, P.
_951007
245 1 3 _aEl auxiliar sanitario en la cura de almas /
_cP. Fischer ; revisada por Bernard Rüter ; traducción Francisco San Martín Figueroa.
260 _aMadrid :
_bStudium,
_c1960.
300 _a144 p. ;
_c16 cm.
700 1 _aSan Martín Figueroa, Francisco.
_9102271
852 _aES-MaACL
_jC-18848
_bR.47033
999 _c64036
_d64036